000 00633nam a2200253Ia 4500
005 20250425161105.0
008 250425s9999 xx 000 0 und d
041 _aspa
043 _amx
082 _a551.7
100 _aKRUMBEIN, W. C.
245 0 _aESTRATIGRAFIA Y SEDIMENTACION
250 _aS.E.
260 _aEspaña
_bCRAT
_c1969
260 _aS.L.
300 _a120
500 _aDONADO POR EL ING NUÑEZ DEL ARCO
500 _aTítulo Traducido: STRATIGRAPHY AND SEDIMENTATION
650 _aGEOLOGIA
700 _aRAFAEL GARCIA DIAS
_etraductor
700 _aSLOSS, L. L.
942 _c01
010 _a12272
999 _c202208
_d202208